[Event "Turkish Cup 2022"]
[Site "Sakarya"]
[Date "2022.03.28"]
[Round "5.11"]
[White "Gazioglu, Halit"]
[Black "Yurtseven, Melih"]
[Result "0-1"]
[WhiteElo "1880"]
[BlackElo "2388"]
[Annotator "TA"]
[PlyCount "120"]
[EventDate "2022.03.25"]
[EventType "swiss"]
[EventCountry "TUR"]
[SourceTitle "playchess.com"]
[Source "ChessBase"]
[SourceQuality "1"]

{[%evp 23,120,14,22,36,39,41,31,31,17,0,0,-33,18,22,19,0,14,-30,-18,-25,-16,-35,-7,-23,2,0,0,-33,-22,-51,-47,-44,-43,-52,-53,-43,-26,-29,0,0,0,0,0,0,0,-47,-13,-5,-6,-19,-9,-275,-322,-329,-339,-460,-462,-406,-281,-263,0,0,0,-40,-47,-219,-183,-212,-185,-301,-267,-546,-513,-664,-656,-664,-602,-1288,-1125,-1889,-1889,-1819,-1760,-2391,-2198,-2472,-2391,-12836,-11927,-2592,-6338,-12840,-12831,-12846,-12847,-12847,-12847,-12848,-12848]} 1. d4 Nf6 2. c4 g6 3. Nc3 d5 4. cxd5 Nxd5 5. e4 Nxc3 6. bxc3 Bg7 7. Bc4 c5 8. Ne2 Nc6 9. Be3 O-O 10. O-O Bg4 11. f3 Bd7 $1 {[%mdl 4] outshines the older 11...Na5.} 12. Rb1 Rc8 13. Bd3 {D87: Exchange Grünfeld: Classical Line: Variations without ...cxd4.} (13. Rxb7 Na5 14. Rxd7 Qxd7 $17) 13... cxd4 14. cxd4 Na5 {[#]} 15. Bf2 $146 {[%cal Be3f2,Bf2e1,Be1b4][%mdl 32] White is slightly better.} ({Predecessor:} 15. d5 b6 16. Ba6 Rc7 17. Bf4 Rc5 18. Be3 Rc7 19. Bf4 Rc5 20. Qd3 Ba4 21. Rfc1 Rxc1+ 22. Rxc1 {½-½ (86) Zubov,A (2597)-Bernadskiy,V (2572) Llucmajor 2019}) 15... Bh6 16. h3 e6 17. f4 Qe7 (17... Bc6 $15) 18. Be1 $11 Qd8 19. Bb4 Re8 20. Qe1 (20. Bxa5 $142 Qxa5 21. Rxb7) 20... Nc4 21. Rf3 Nb6 22. g4 {[%cal Bg2g4,Bg4g5][%mdl 32]} Ba4 {[%cal Of7f5]} 23. Bc3 Bc6 {[%cal Of7f5]} (23... f5 $5) 24. g5 Bg7 {[%cal Ob6c4]} 25. Kh2 {[#]} Nc4 $1 26. Qf2 (26. Bxc4 $2 Bxe4 27. Rf2 (27. Ba5 $2 b6 $19) 27... Bxb1 $19) (26. h4 Nd6) 26... Nd6 $1 27. Re3 a6 28. d5 Bxc3 29. Nxc3 Bd7 30. Rb3 e5 (30... Qa5 $5 {[%cal Rc8c3]} 31. Qb2 Rc5 $11) 31. Qg3 Qe7 32. Rf3 exf4 33. Qxf4 b5 {[%cal Ob5b4]} 34. Qf6 (34. Nd1 $11) 34... Qe5+ 35. Qxe5 Rxe5 36. Rf6 Nb7 37. d6 $2 {[%mdl 8192]} ({Don't blunder} 37. Rxa6 $2 Nc5 38. Nxb5 Nxd3 $19) (37. Na4 $1 $11) 37... Na5 ({Wrong is} 37... Rxg5 $2 38. Nd5 $19) 38. Nd5 Nxb3 39. axb3 Kg7 40. h4 Rd8 41. Kg3 Bf5 $2 42. Nb4 $1 Bd7 {Hoping for ...a5.} 43. Kf4 Rc5 {And now ...Rc3 would win.} 44. Nd5 {Prevents Rc3. White is now going downhill.} (44. Nxa6 $15 Rc3 45. Bf1) 44... a5 45. Ke5 Rc1 46. h5 (46. Rf2 $142) 46... gxh5 $19 {[%cal Bg6h5,Bh5h4,Bh4h3,Bh3h2][%mdl 32]} 47. Be2 $2 (47. Rh6 {might work better.} Rg1 48. Rxh5) 47... h4 {Strongly threatening ...a4. Black is clearly winning.} 48. Bh5 Be6 49. Rxe6 fxe6 50. Kxe6 h3 51. Ke7 {[#]} h2 $1 {[%mdl 512]} 52. Bf3 Rb8 53. d7 a4 54. bxa4 bxa4 {[%cal Bb5a4,Ba4a3,Ba3a2][%mdl 32] White must now prevent ...a3.} 55. e5 a3 56. Nb4 Rf1 57. Bd5 Rd1 {( -> ...a2)} 58. Bc6 Rxb4 59. d8=Q Rxd8 60. Kxd8 a2 {Weighted Error Value: White=0.65/Black=0.15 (very precise)} 0-1

[Event "Turkish Cup 2022"]
[Site "Sakarya"]
[Date "2022.03.28"]
[Round "5.12"]
[White "Arcasoy, Tugrul"]
[Black "Gunduz, Umut Erdem"]
[Result "0-1"]
[WhiteElo "1883"]
[BlackElo "2258"]
[Annotator "TA"]
[PlyCount "54"]
[EventDate "2022.03.25"]
[EventType "swiss"]
[EventCountry "TUR"]
[SourceTitle "playchess.com"]
[Source "ChessBase"]
[SourceQuality "1"]

{[%evp 20,54,20,15,22,21,40,37,47,40,33,33,38,27,40,37,29,-20,-31,-106,-112,-181,-178,-489,-497,-454,-199,-29985,-29986,-29990,-1022,-29994,-29995,-29997,-29998,-29998,-29999]} 1. e4 e5 2. Nf3 Nc6 3. Bb5 a6 4. Ba4 Nf6 5. d3 b5 6. Bb3 Be7 7. O-O O-O 8. a4 Rb8 9. axb5 axb5 10. Nc3 d6 11. h3 h6 {C84: Closed Ruy Lopez: Unusual White 6th moves.} 12. Nd5 Be6 13. c3 Qd7 {White is slightly better.} 14. Ra6 {[%cal Oa6c6] [#] Strongly threatening Rxc6!} Rfe8 $146 ({Predecessor:} 14... Bd8 15. Re1 Bxd5 16. exd5 Ne7 17. d4 e4 18. Nd2 Nexd5 19. Nxe4 c6 20. Nxf6+ Nxf6 {1-0 (30) Vovk,Y (2444)-Erdogdu,M (2383) Lvov 2006}) 15. Bd2 Bd8 16. c4 Nd4 ({Less strong is} 16... bxc4 17. Ba4 $16) 17. Nxd4 exd4 18. Qc2 (18. Ra7 $142) 18... bxc4 $11 19. Bxc4 ({White should try} 19. Ba4 $15 Qc8 20. Qxc4 Bxd5 21. exd5) 19... Nxd5 $17 20. exd5 {[#]} (20. Bxd5 $17 Bxd5 21. exd5) 20... Bxh3 $1 $19 21. gxh3 (21. Qa4 Rxb2 22. gxh3 Qxa4 23. Rxa4 Rxd2 24. Bb5) 21... Qxh3 {( -> ...Qg4+)} 22. Re1 Bg5 $40 {[%mdl 128] Black is out for blood.} (22... Qg4+ $142 23. Kf1 Bh4) 23. Qa4 $2 {[#]} (23. Raa1 $19) 23... Be3 $1 {[%mdl 512]} 24. Bxe3 (24. Rxe3 dxe3) 24... dxe3 (24... Re5 $142 25. Qd7 Qxd7 26. Bf4 Rxe1+ 27. Kg2 Rxb2 28. Ra8+ Kh7 29. Bg3 Qg4 30. Re8 Rxe8 31. Bb3 {[#]} Rxf2+ $3 {[%mdl 512]} 32. Kxf2 Re2+ 33. Kg1 Qxg3+ 34. Kh1 Qh2#) 25. fxe3 Re5 {Black mates.} 26. Re2 Rg5+ 27. Kf2 Qg3+ {Weighted Error Value: White=0.78/Black=0.57} 0-1

[Event "Turkish Cup 2022"]
[Site "Sakarya"]
[Date "2022.03.28"]
[Round "5.13"]
[White "Kuru, Atilla"]
[Black "Huseyinoglu, Alihan"]
[Result "0-1"]
[WhiteElo "1674"]
[BlackElo "2312"]
[Annotator "TA"]
[PlyCount "108"]
[EventDate "2022.03.25"]
[EventType "swiss"]
[EventCountry "TUR"]
[SourceTitle "playchess.com"]
[Source "ChessBase"]
[SourceQuality "1"]

{[%evp 10,108,56,22,49,36,56,49,66,69,87,39,68,30,51,0,0,-6,-5,-29,-12,-41,-37,-44,-41,-43,-44,-53,-39,-43,-36,-50,-20,-20,-13,-23,-5,-407,-394,-401,-392,-403,-329,-321,-328,-320,-329,-325,-316,-329,-303,-587,-589,-570,-572,-575,-556,-588,-565,-562,-534,-472,-537,-538,-531,-516,-500,-762,-763,-782,-770,-740,-748,-809,-735,-720,-716,-1022,-1011,-965,-954,-1184,-1029,-1147,-1127,-5265,-2120,-1984,-1509,-29983,-29982,-29985,-29986,-29988,-29988,-29989,-29988,-29988,-29989,-29989,-29990]} 1. e4 g6 2. d4 Bg7 3. Nc3 d6 4. Be3 a6 5. a4 b6 6. Bc4 Bb7 {is the legacy move (6...e6). B06: Modern Defence.} 7. Nf3 h6 {[#]} 8. Qd3 $146 ({Predecessor:} 8. O-O Nd7 9. Re1 e6 10. Qd2 Ne7 11. d5 e5 12. g3 Nf6 13. h3 Bc8 14. Bf1 g5 {½-½ (43) Babic,M (2141)-Kalevic,S (2246) Belgrade 2002}) 8... e6 {White is slightly better.} 9. d5 e5 10. g4 ({Better is} 10. Nd2 $16) 10... Nd7 11. b4 a5 12. b5 (12. bxa5 $14 Rxa5 13. Nd2) 12... Ngf6 13. Rg1 Qe7 14. h4 O-O-O 15. Nd2 h5 16. g5 Ng4 17. Nb3 Nxe3 18. Qxe3 f6 19. Bf1 fxg5 20. hxg5 Kb8 21. Bh3 Rdf8 22. Ne2 {Inhibits Rf4.} Rf4 {White should prevent ...Rhf8.} 23. Ned4 $2 {[%mdl 8192] [#] White does not recover from this.} exd4 $1 $19 24. Qxf4 Rf8 25. Qh4 Ne5 {White must now prevent ...Nf3+.} 26. Nxd4 Nf3+ {[%mdl 64] Discovered Attack} 27. Nxf3 Bxa1 28. Ke2 Be5 29. Ke3 Qg7 {[#] Strongly threatening ...Bb2.} ({Wrong is} 29... Qf7 $2 30. Bg2 $19) 30. Rb1 (30. Rd1 Bf4+ 31. Qxf4 Rxf4 32. Kxf4) 30... Rf4 ({Not} 30... Qf7 31. Bg2 $17) 31. Qxf4 Bxf4+ 32. Kxf4 Qc3 33. Rd1 Qxc2 34. Rd4 Bc8 35. Bxc8 Kxc8 {[%mdl 4096] Endgame KQ-KRN} 36. Ke3 Qc1+ 37. Ke2 Qb2+ 38. Rd2 (38. Ke3 $142) 38... Qa1 39. Rd4 h4 {[%cal Bh5h4,Bh4h3][%mdl 32]} 40. e5 h3 41. Re4 dxe5 42. Rh4 Qa2+ 43. Ke3 Qb3+ 44. Ke2 Qxd5 {...e4 is the strong threat.} 45. Rxh3 Qe4+ 46. Kf1 Qxa4 47. Rh6 Qxb5+ (47... Qc4+ $142 48. Kg2 Qg4+ 49. Kf1 Qxf3 50. Rh8+ Kb7) 48. Ke1 e4 49. Nd4 Qb4+ {Black mates.} 50. Ke2 Qxd4 51. Rxg6 Qd3+ 52. Ke1 e3 53. Rg8+ Kb7 54. fxe3 Qb1+ {Weighted Error Value: White=0.79/Black=0.26 (precise)} 0-1

[Event "Turkish Cup 2022"]
[Site "Sakarya"]
[Date "2022.03.28"]
[Round "5.14"]
[White "Eren, Ataberk"]
[Black "Unesi, Erdal"]
[Result "1-0"]
[WhiteElo "2306"]
[BlackElo "1861"]
[Annotator "TA"]
[PlyCount "87"]
[EventDate "2022.03.25"]
[EventType "swiss"]
[EventCountry "TUR"]
[SourceTitle "playchess.com"]
[Source "ChessBase"]
[SourceQuality "1"]

{[%evp 9,87,12,8,11,18,11,24,25,22,28,35,0,0,0,0,0,2,7,10,0,0,0,0,-12,6,-20,-16,-56,-53,-62,9,-73,-63,-61,-30,-32,-32,-92,-10,-35,0,-100,-93,-77,-66,-150,-150,-158,-156,-178,-192,-298,-309,-300,-301,-302,-290,-367,-364,-342,-344,-353,-358,-331,-160,-158,-111,-111,0,4,13,31,181,137,600,600,1211,1228,1787,637]} 1. d4 d5 2. Bf4 e6 3. e3 Nf6 4. Nd2 Nbd7 5. Ngf3 Be7 6. h3 {D02: 1 d4 d5 2 Nf3 sidelines, including 2...Nf6 3 g3 and 2...Nf6 3 Bf4.} b6 7. Bb5 O-O 8. Bc6 {White has an edge.} Rb8 {[#]} 9. O-O $146 ({Predecessor:} 9. c4 Bb7 10. Qa4 Bd6 11. Ne5 Bxe5 12. Bxe5 Nxe5 13. dxe5 Bxc6 14. Qxc6 Nd7 15. Nf3 {1-0 (44) Nguyen,T (2254)-Karenza,D (2026) Tornelo INT 2021}) 9... Bb7 10. Bb5 a6 11. Bd3 Rc8 12. Qe2 a5 13. c3 Ne4 14. Bb5 Nd6 15. Bd3 c5 16. Ne5 g6 {[%cal Bg7g6,Bg6g5][%mdl 32]} 17. Ndf3 Nf6 18. h4 Nfe4 $1 19. h5 c4 (19... gxh5 $15 20. Bxe4 dxe4) 20. Bc2 (20. Bxe4 $11 dxe4 21. Nd2) 20... g5 $17 21. Bh2 f6 22. Ng4 Qe8 23. Ne1 (23. Nfe5 $15) 23... f5 (23... Nf5 $17 {Black wants to play ...Kh8.} 24. h6 Kh8) 24. Ne5 $11 g4 25. f3 {[#]} (25. Bxe4 $11 {was the only way to keep the balance.} Nxe4 26. f3 gxf3 27. gxf3 Qxh5 28. Ng2) 25... g3 $1 $36 {[%mdl 2048] Black is really pushing.} 26. fxe4 gxh2+ 27. Kxh2 (27. Kh1 $1 $15) 27... dxe4 (27... Nxe4 28. Bxe4 dxe4 29. g4 $11) 28. g4 Bf6 $1 29. Qg2 Kh8 30. Qh3 (30. Qg3 $142) 30... Bxe5+ $19 (30... Qb5 31. Ng6+ $1 {[%mdl 512]} Kg8 32. Nxf8 Rxf8 33. Kh1 $16) 31. dxe5 {[#]} fxg4 $1 32. Rxf8+ Qxf8 33. Qh4 Nf5 {[%csl LRe3,LRh4]} 34. Qg5 g3+ 35. Kg1 h6 36. Qf4 Qf7 (36... Rd8 $19 {has better winning chances.} 37. Rd1 b5) 37. Bd1 $17 Rd8 ({Better is} 37... Rf8 {[%cal Of5e3]} 38. Ng2 Qg7) 38. Bg4 {[#]} Kh7 (38... Rd2 $1 $17 {[%cal Rd2f2] Strongly threatening ...Rf2.} 39. Bxf5 Qxf5) 39. Nc2 $11 {Threatens to win with Nd4.} Rf8 ({Much less strong is} 39... Rd2 40. Nd4 Bc8 41. Rd1 (41. Bxf5+ exf5 42. Qh4 Rxb2 $17) 41... Rxd1+ 42. Bxd1 $14) 40. Rf1 $1 {Hoping for Nd4.} Bd5 (40... Kg7 $14) 41. Nd4 $18 {[%cal Rd4f5]} g2 $2 {[%mdl 8192]} (41... Qg7 $16) 42. Rf2 {White is clearly winning.} ({Not} 42. Bxf5+ exf5 43. Qxf5+ Kh8 $18) 42... Kg7 43. Bxf5 exf5 44. Nxf5+ {Weighted Error Value: White=0.22 (precise) /Black=0.36} (44. Rxg2+ $142 Kh7 45. Rg6 Qxg6+ 46. hxg6+ Kxg6 47. e6 Bxe6 48. Nxe6) 1-0

[Event "Turkish Cup 2022"]
[Site "Sakarya"]
[Date "2022.03.28"]
[Round "5.16"]
[White "Kilic, Efe Mert"]
[Black "Durucay, Uygar"]
[Result "1-0"]
[WhiteElo "2220"]
[BlackElo "1700"]
[Annotator "TA"]
[PlyCount "77"]
[EventDate "2022.03.25"]
[EventType "swiss"]
[EventCountry "TUR"]
[SourceTitle "playchess.com"]
[Source "ChessBase"]
[SourceQuality "1"]

{[%evp 13,77,14,24,-15,12,10,21,24,20,19,302,303,304,303,304,307,302,300,298,298,425,288,407,406,385,364,397,393,452,429,439,351,332,321,373,373,379,377,493,499,509,487,581,577,602,594,649,648,689,682,785,668,713,728,774,766,1161,710,690,685,791,781,940,916,643,575]} 1. e4 c6 2. d4 d5 3. exd5 cxd5 4. Bd3 Nf6 5. Nf3 Bg4 6. c3 Nc6 7. O-O e6 8. Qb3 {B13: Caro-Kann: Exchange Variation and Panov-Botvinnik Attack.} Qc8 (8... a6 {feels hotter.} 9. Ne1 Bd6 10. Bg5 O-O 11. h3 Bh5) 9. Ne5 Nxe5 10. dxe5 {The position is equal.} Nd7 11. Qa4 {[#]} a6 $146 {[%mdl 8192] [#]} ({Predecessor:} 11... Bh5 12. Qh4 Bg6 13. Bxg6 fxg6 14. Qh3 Nb8 15. Nd2 Be7 16. Nf3 Nc6 17. Bg5 Qd7 {1-0 (38) Jaroch,K (2238)-Stolarczyk,A (2181) Poland 2013}) 12. Qxg4 $18 Nxe5 13. Qg3 Nxd3 14. Qxd3 Bd6 15. Nd2 {[%cal Bb1d2,Bd2f3,Bf3e5,Be5d3][%mdl 32]} Qc7 16. Nf3 O-O (16... Rc8 $142 17. g3 Qc4 18. Qxc4 Rxc4) 17. Bg5 f5 (17... Rfe8 {keeps fighting.} 18. Rfe1 Rac8) 18. Rfe1 Rae8 19. Bd2 h6 20. Re2 Qf7 21. Ne5 Qh5 22. Qf3 Qxf3 23. gxf3 f4 24. Rae1 Rf5 25. c4 d4 26. Nd3 {White is clearly winning.} Kf7 27. Re4 {[%csl LRd4,LRf4]} e5 {[#]} 28. Bxf4 $1 {[%mdl 512]} Re6 (28... Rd8 29. Bxe5) 29. Nxe5+ Kg8 30. Bg3 h5 31. Nd3 Rg6 32. Re6 Rxe6 33. Rxe6 Bxg3 34. hxg3 Rxf3 {KRN-KR} 35. Ne5 Rf5 36. f4 Rf8 37. Rd6 h4 38. gxh4 Rxf4 39. Rd8+ {White took control after the opening.  Weighted Error Value: White=0.23 (precise) /Black=0.56} 1-0

[Event "Turkish Cup 2022"]
[Site "Sakarya"]
[Date "2022.03.28"]
[Round "5.17"]
[White "Serbulent, Huseyin"]
[Black "Ozdemir, Serhan Berat"]
[Result "0-1"]
[WhiteElo "1775"]
[BlackElo "2185"]
[Annotator "TA"]
[PlyCount "40"]
[EventDate "2022.03.25"]
[EventType "swiss"]
[EventCountry "TUR"]
[SourceTitle "playchess.com"]
[Source "ChessBase"]
[SourceQuality "1"]

{[%evp 12,39,15,-35,-30,-84,-79,-146,-127,-219,-219,-212,-195,-202,-198,-252,-255,-387,-355,-358,-375,-413,-415,-472,-397,-994,-930,-29998,-29999,-29999]} 1. d4 Nf6 2. c4 g6 3. Nc3 Bg7 4. e4 d6 5. Be2 O-O 6. g4 c5 7. g5 {is more profitable than 7.d5 at the moment.} (7. d5 $11) 7... Ne8 $15 {[%cal Bf6e8,Be8d6,Bd6e4,Be4c5,Bc5a4,Ba4c3][%mdl 32] E73: King's Indian: Averbakh Variation without 6...c5.} 8. dxc5 (8. d5 $1 $11 {remains equal.}) 8... Nc6 (8... Na6 {seems wilder.} 9. Be3 Bxc3+ 10. bxc3 Qa5 11. Nf3 Qxc3+ 12. Bd2 Qa3) 9. cxd6 (9. Nf3 $142) 9... Nxd6 $17 {[#] Black is clearly better.} 10. c5 $146 (10. Be3 $17 {keeps fighting.}) ({Predecessor:} 10. f3 Bxc3+ 11. bxc3 Qa5 12. Kf2 Be6 13. Be3 Bxc4 14. h4 Rad8 15. Qf1 Bxe2 16. Nxe2 {0-1 (29) Georghiou,A-Ginting,N (2385) Thessaloniki 1988}) 10... Bxc3+ $19 11. bxc3 Nxe4 {Hoping for ...Qa5.} 12. Qxd8 Rxd8 ({Stronger than} 12... Nxd8 13. Bf3 Nxc5 14. Be3 Nd3+ 15. Kf1 $17) 13. Bb2 (13. Bf3 $142 Nxc3 14. Be3) 13... Nxc5 14. Nf3 (14. Rd1 $142) 14... Na4 15. Ba3 Nxc3 {Threatens to win with ...Bg4. Pair of Knights!} 16. Bc4 Bg4 17. Ng1 Ne5 18. Be2 {[#]} (18. Bb2) 18... Nxe2 19. Nxe2 Nf3+ 20. Kf1 Bh3# {Black took control after the opening.  Weighted Error Value: White=1.27/Black=0.07 (flawless)} 0-1

[Event "Turkish Cup 2022"]
[Site "Sakarya"]
[Date "2022.03.28"]
[Round "5.18"]
[White "Gok, Emre"]
[Black "Bacak, Muhammed Kaan"]
[Result "1/2-1/2"]
[WhiteElo "1745"]
[BlackElo "2155"]
[Annotator "RC"]
[PlyCount "118"]
[EventDate "2022.03.25"]
[EventType "swiss"]
[EventCountry "TUR"]
[SourceTitle "playchess.com"]
[Source "ChessBase"]
[SourceQuality "1"]
[TimeControl "5400+30"]

1. b3 {[%emt 0:01:00]} Nf6 {[%emt 0:02:00]} 2. Bb2 {[%emt 0:00:30]} g6 {[%emt 0:02:30]} 3. Nf3 {[%emt 0:02:30]} Bg7 {[%emt 0:00:30]} 4. d4 {[%emt 0:01:30]} d6 {[%emt 0:00:30]} 5. e3 {[%emt 0:00:00]} O-O {[%emt 0:00:00]} 6. c4 {[%emt 0:01:00]} e5 {[%emt 0:03:00]} 7. dxe5 {[%emt 0:02:30]} Nfd7 {[%emt 0:00:30]} 8. Be2 {[%emt 0:01:30]} Nc6 {[%emt 0:00:30]} 9. O-O {[%emt 0:00:30]} Ndxe5 {[%emt 0:00:30]} 10. Nc3 {[%emt 0:02:30]} Bd7 {[%emt 0:02:30]} 11. Qd2 {[%emt 0:02:30]} Re8 {[%emt 0:01:30]} 12. Nd5 {[%emt 0:09:30]} a5 {[%emt 0:02:30]} 13. Rfd1 {[%emt 0:12:30]} a4 {[%emt 0:17:30]} 14. Nxe5 {[%emt 0:04:30]} Nxe5 {[%emt 0:08:30]} 15. f4 {[%emt 0:01:30]} a3 {[%emt 0:02:30]} 16. Bc3 {[%emt 0:04:30]} Nc6 {[%emt 0:02:30]} 17. Bxg7 {[%emt 0:00:30]} Kxg7 {[%emt 0:00:00]} 18. Qc3+ {[%emt 0:00:30]} f6 {[%emt 0:00:00]} 19. Bf3 {[%emt 0:19:30]} Be6 {[%emt 0:01:30]} 20. Rac1 {[%emt 0:01:30]} Rf8 {[%emt 0:11:30]} 21. e4 {[%emt 0:03:30]} Ne7 {[%emt 0:02:30]} 22. e5 {[%emt 0:07:30]} Bxd5 {[%emt 0:01:30]} 23. cxd5 {[%emt 0:00:42]} Rc8 {[%emt 0:03:30]} 24. Bg4 {[%emt 0:01:32]} Nf5 {[%emt 0:00:30]} 25. Bxf5 {[%emt 0:00:30]} gxf5 {[%emt 0:00:30]} 26. e6 {[%emt 0:00:00]} Qe7 {[%emt 0:00:30]} 27. Qd3 {[%emt 0:00:03]} c6 {[%emt 0:00:30]} 28. Qxf5 {[%emt 0:00:34]} cxd5 {[%emt 0:00:30]} 29. Qxd5 {[%emt 0:00:26]} Rxc1 {[%emt 0:01:30]} 30. Rxc1 {[%emt 0:00:13]} f5 {[%emt 0:00:00]} 31. Rd1 {[%emt 0:01:38]} Rf6 {[%emt 0:00:00]} 32. Re1 {[%emt 0:00:24]} h5 {[%emt 0:00:30]} 33. Re3 {[%emt 0:02:13]} h4 {[%emt 0:02:30]} 34. b4 {[%emt 0:01:26]} b5 {[%emt 0:04:30]} 35. Kf2 {[%emt 0:00:50]} Kh6 {[%emt 0:02:30]} 36. g4 {[%emt 0:02:00]} hxg3+ {[%emt 0:01:30]} 37. hxg3 {[%emt 0:00:07]} Kg7 {[%emt 0:00:30]} 38. g4 {[%emt 0:00:49]} Rh6 {[%emt 0:03:30]} 39. g5 {[%emt 0:01:55]} Rh2+ {[%emt 0:01:30]} 40. Kg3 {[%emt 0:00:17]} Qa7 {[%emt 0:00:30]} 41. Qb3 {[%emt 0:01:50]} Rh1 {[%emt 0:04:19]} 42. Qc3+ {[%emt 0:01:41]} Kh7 {[%emt 0:00:17]} 43. e7 {[%emt 0:00:33]} Qa8 {[%emt 0:00:13]} 44. Rf3 {[%emt 0:02:49]} Qe4 {[%emt 0:00:28]} 45. g6+ {[%emt 0:02:26]} Kxg6 {[%emt 0:01:25]} 46. Qe3 {[%emt 0:00:18]} Re1 {[%emt 0:00:21]} 47. Qxe4 {[%emt 0:02:51]} Rxe4 {[%emt 0:00:06]} 48. Rxa3 {[%emt 0:00:57]} Rxe7 {[%emt 0:00:09]} 49. Ra6 {[%emt 0:00:00]} Re3+ {[%emt 0:01:12]} 50. Kf2 {[%emt 0:00:10]} Re4 {[%emt 0:00:37]} 51. Rxd6+ {[%emt 0:00:17]} Kh5 {[%emt 0:00:11]} 52. a3 {[%emt 0:00:57]} Rxf4+ {[%emt 0:00:16]} 53. Ke3 {[%emt 0:00:25]} Rh4 {[%emt 0:01:58]} 54. Rd5 {[%emt 0:00:08]} Kg5 {[%emt 0:00:01]} 55. Rxb5 {[%emt 0:00:51]} Rh3+ {[%emt 0:00:11]} 56. Ke2 {[%emt 0:00:19]} Rxa3 {[%emt 0:00:30]} 57. Rb8 {[%emt 0:00:00]} Kf4 {[%emt 0:00:17]} 58. b5 {[%emt 0:00:00]} Ra2+ {[%emt 0:00:21]} 59. Kd3 {[%emt 0:00:15]} Rb2 {[%emt 0:01:40]} 1/2-1/2

[Event "Turkish Cup 2022"]
[Site "Sakarya"]
[Date "2022.03.28"]
[Round "5.19"]
[White "Ererdem, Gani Eren"]
[Black "Aysoy, Veysi"]
[Result "1-0"]
[WhiteElo "2134"]
[BlackElo "1811"]
[Annotator "TA"]
[PlyCount "55"]
[EventDate "2022.03.25"]
[EventType "swiss"]
[EventCountry "TUR"]
[SourceTitle "playchess.com"]
[Source "ChessBase"]
[SourceQuality "1"]

{[%evp 9,55,41,31,31,210,210,337,337,353,320,377,365,572,563,542,553,519,456,436,456,554,541,539,526,522,532,518,522,518,512,626,458,554,562,558,549,531,540,542,546,759,759,750,750,716,649,683,638]} 1. d4 f5 2. c4 Nf6 3. Nc3 g6 4. h4 Bg7 5. h5 Nxh5 6. e4 {A85: Dutch Defence: 2 c4 Nf6 3 Nc3.} e6 {[#]} ({Black should play} 6... fxe4 $1 $14 7. Rxh5 (7. Nxe4 d5 $11) 7... gxh5 8. Qxh5+ Kf8) 7. exf5 $1 $18 exf5 (7... Nc6 {was called for.}) 8. Rxh5 {White has a decisive advantage.} Qe7+ 9. Be3 {Hoping for Nd5.} gxh5 10. Nd5 {[%mdl 64] [#] Zwischenzug, Double Attack} Qd6 $146 (10... Qf7 {was necessary.} 11. Nxc7+ Kd8) ({Predecessor:} 10... Qf7 11. Nxc7+ Kd8 12. Nxa8 f4 13. Bd2 b6 14. Qf3 Nc6 15. Bxf4 Qe7+ 16. Ne2 Bb7 {1-0 (41) Khudovekov,S (2027)-Petersen,M (1616) Pardubice 2019}) 11. Qxh5+ {White is clearly winning.} Qg6 12. Nxc7+ Kd8 13. Qxg6 hxg6 14. Nxa8 Re8 15. O-O-O {And now Bg5+ would win.} Rxe3 16. fxe3 b6 17. Nf3 Bb7 {[#]} 18. Nh4 $1 Bh6 {[#]} 19. Kd2 $1 Nc6 (19... f4 20. exf4) 20. Kd3 d5 {[#]} 21. Nxb6 $1 axb6 22. Nxg6 dxc4+ 23. Kxc4 Bxe3 24. d5 Ne7 25. Nxe7 Kxe7 26. b4 Kd6 27. Be2 f4 28. Bf3 {Black got outplayed after the opening.  Weighted Error Value: White=0.14 (very precise) /Black=0.57} 1-0